Speech production and perception (Record no. 96747)

MARC details
000 -LEADER
fixed length control field 01625nam a2200325Ii 4500
008 - FIXED-LENGTH DATA ELEMENTS--GENERAL INFORMATION
fixed length control field 221202s xx 000 0 und d
245 #0 - TITLE STATEMENT
Title Speech production and perception
246 ## - VARYING FORM OF TITLE
Title proper/short title Learning and memory
264 ## - PRODUCTION, PUBLICATION, DISTRIBUTION, MANUFACTURE, AND COPYRIGHT NOTICE
Name of producer, publisher, distributor, manufacturer Peter Lang International Academic Publishers
Date of production, publication, distribution, manufacture, or copyright notice 2019
300 ## - PHYSICAL DESCRIPTION
Extent 1 online resource
336 ## - CONTENT TYPE
Content type term text
Content type code txt
Source rdacontent
337 ## - MEDIA TYPE
Media type term computer
Media type code c
Source rdamedia
338 ## - CARRIER TYPE
Carrier type term online resource
Carrier type code cr
Source rdacarrier
490 ## - SERIES STATEMENT
Series statement Speech Production and Perception
520 ## - SUMMARY, ETC.
Summary, etc. Learning and memory processes are basic features of human existence. They allow us to (un)consciously adapt to changes in our social and physical environment in a variety of ways and may have been a precursor for survival in human evolution. Through several reviews and original work the book focuses on three key topics that enhanced our understanding of the topic in the last twenty years: first, the role of real-time auditory feedback in learning, second, the role of motor aspects for learning and memory, and third, representations in memory and the role of sleep on memory consolidation.
653 ## - INDEX TERM--UNCONTROLLED
Uncontrolled term Languages
653 ## - INDEX TERM--UNCONTROLLED
Uncontrolled term Learning
653 ## - INDEX TERM--UNCONTROLLED
Uncontrolled term Memory
653 ## - INDEX TERM--UNCONTROLLED
Uncontrolled term Phonetics, Phonology
653 ## - INDEX TERM--UNCONTROLLED
Uncontrolled term Speech
700 1# - ADDED ENTRY--PERSONAL NAME
Personal name 0000-0002-0660-1646
700 1# - ADDED ENTRY--PERSONAL NAME
Personal name 0000-0002-2098-0283
700 1# - ADDED ENTRY--PERSONAL NAME
Personal name 600
700 1# - ADDED ENTRY--PERSONAL NAME
Personal name 600
700 1# - ADDED ENTRY--PERSONAL NAME
Personal name Cleland, Joanne
700 1# - ADDED ENTRY--PERSONAL NAME
Personal name Fuchs, Susanne
700 1# - ADDED ENTRY--PERSONAL NAME
Personal name Rochet-Capellan, Amélie
856 ## - ELECTRONIC LOCATION AND ACCESS
Uniform Resource Identifier <a href="https://docs.google.com/spreadsheets/d/1yKIrdCPDAG_9c22mwoOIO2DOhtj65Wqa/edit?usp=sharing&ouid=106555315294820607512&rtpof=true&sd=true ">https://docs.google.com/spreadsheets/d/1yKIrdCPDAG_9c22mwoOIO2DOhtj65Wqa/edit?usp=sharing&ouid=106555315294820607512&rtpof=true&sd=true </a>
Link text List of Curated E-Books
942 ## - ADDED ENTRY ELEMENTS (KOHA)
Koha item type E-Book

No items available.

University of Rizal System
Email us at univlibservices@urs.edu.ph

Visit our Website www.urs.edu.ph/library